| 000 | 00377nam a22001457a 4500 | ||
|---|---|---|---|
| 020 | _a81-264-0244-X | ||
| 082 |
_a920 _bAZH/T |
||
| 100 | _aAZHEEKODE, SUKUMAR | ||
| 245 |
_aTHATHWAMACY _bKENDRA, KERAKA SAHITHYA ACADAMY PURASKARANGAL _cVAYLAR AWARD, RAJAJI PURASKARAM |
||
| 260 |
_aKOTTAYAM _bDC BOOKS _c2006 |
||
| 300 | _a348 | ||
| 520 | _aNOVEL | ||
| 650 | _aNOVEL | ||
| 942 | _cBK | ||
| 999 |
_c5486 _d5486 |
||